| 000 | 01958nam a22002537a 4500 | ||
|---|---|---|---|
| 999 |
_c12067 _d12067 |
||
| 003 | Ge_BSU | ||
| 005 | 20240325171136.0 | ||
| 008 | 181216s2017 ge ||||| |||| 00| 0 geo d | ||
| 041 | _ageo | ||
| 080 | _a902(479.22)(058) წ-35 | ||
| 245 |
_aწელიწდეული : _bIX : ეძღვნება ქართველ საზოგადო მოღვაწეს, ეთნოგრაფსა და პუბლიცისტს ეგნატე გაბლიანს / _cქუთაისის ილია ჭავჭავაძის სახელობის საჯარო ბიბლიოთეკა ; სარედ. საბჭო იოსებ ასათიანი, ნომადი ბარტაია ; პროექტის დირექტ. ნარგიზ ჩოგოვაძე |
||
| 264 |
_aქუთაისი, _c2017. |
||
| 300 |
_a243 გვ. : _bილ. ; _c25 სმ. |
||
| 504 | _aბიბლიოგრ. ტექსტების ბოლოს | ||
| 520 | _aრეზიუმე ტექსტების ბოლოს | ||
| 546 | _aპარალ. სათ. ინგლ. ენაზე | ||
| 600 |
_984 _aეძღვნება ქართველ საზოგადო მოღვაწეს, ეთნოგრაფსა და პუბლიცისტს ეგნატე გაბლიანს |
||
| 700 |
_aასათიანი, იოსებ _eრედაქტორი _980 |
||
| 700 |
_aბაგრატაია, ნომადი _eრედაქტორი _981 |
||
| 700 |
_aნარგიზ, ჩოგოვაძე _eპროექტის დირექტორი _982 |
||
| 710 |
_aქუთაისის ილია ჭავჭავაძის სახელობის საჯარო ბიბლიოთეკა _983 |
||
| 773 | _tნაჩუქარი | ||
| 942 |
_2udc _cBK |
||